000 00410nam a2200133 4500
999 _c6298
_d6298
008 170220b xxu||||| |||| 00| 0 eng d
082 _aDPer 910.5 T69 Jan-Aug 2015 v. 1-4
245 _aWindy Wellington.
260 _aPhilippines:
_bOne Mega Group,
_c©2015.
300 _av4, pages 28-29:
_billustrations;
_c28 cm.
500 _aTravel Now.
650 0 _918920
_aTourist trade
_zWellington
942 _2ddc
_cPER